Statistics for Countries Furthest from United States A-Z

Click here to take the quiz!

General Stats

  • This quiz has been taken 277 times
  • The average score is 17 of 24

Answer Stats

letterkmcountrymiles% Correct
O10,137Oman6299
93%
Y10,105Yemen6279
93%
Z11,587Zimbabwe7200
92%
Q9953Qatar6184
91%
I10,013India6222
81%
R10,639Rwanda6611
77%
U10,356Uganda6435
77%
J8403Jordan5221
73%
K10,542Kenya6551
71%
H6103Hungary3792
70%
V9482Vietnam5892
70%
A9546Angola5932
67%
D10,512Djibouti6532
67%
E9932Ethiopia6172
66%
B11,297Botswana7020
65%
L12,587Lesotho7821
65%
T10.691Tanzania6643
64%
F5420Finland3368
63%
P9881Pakistan6139
63%
N10,517Namibia6535
60%
S12,883Seychelles8005
59%
G8892Gabon5525
58%
M14,280Mauritius8873
58%
C12,508Comoros7772
56%

Score Distribution

Percentile by Number Answered

Percent of People with Each Score

Your Score History

You have not taken this quiz